000 00821nam0a22002531 4500
001 rc\60487
005 20260406081157.0
010 _a5-85207-029-7
_9250000
035 _a(NLR Aleph) 005336427
090 _a6646627
_c6646627
100 _a20021216d1991 |||y0rusy50 ca
101 0 _arus
102 _aRU
105 _ay |||||||||
200 1 _aЖелезный король
_e[Перевод]
_fМорис Дрюон
210 _aМ.
_cИзд-во совмест. сов.-фр. предприятия "ДЭМ"
_d1991
215 _a254, [1] с.
_d22
300 _aИз сер. "Проклятые короли"
700 1 _7ca
_8rus
_aДрюон
_bМ.
_f1918-2009
_gМорис
_928398
_3RU\NLR\auth\7745460
801 0 _aRU
_bNLR
_gpsbo
801 1 _aRU
_bELAR
_2rusmarc
852 _aNLR
_j92-3/3445
942 _cBOOK
980 _aNB